000 00407nam a2200157 i 4500
001 72624
003 ES-MaACL
007 t|
008 040902s1970 mx ||||1| spa d
100 1 _aGodoy, Emma.
_957535
245 1 0 _aErase un hombre pentafácico /
_cEmma Godoy.
250 _a3ª ed.
260 _aMéxico, D.F. :
_bJus,
_c1970.
300 _a407 p. ;
_c22 cm.
852 _aES-MaACL
_jE-9961
_bR.94088
999 _c72624
_d72624